Reálny efekt subprime hypoték diplomová práca

Salvato in:
Dettagli Bibliografici
Autore principale: Staňa, Peter
Ente Autore: Fakulta hospodárskej informatiky EU. Katedra operačného výskumu a ekonometrie
Altri autori: Husár, Jaroslav
Natura: Libro
Lingua:slovacco
Pubblicazione: Bratislava 2010
Tags: Aggiungi Tag
Nessun Tag, puoi essere il primo ad aggiungerne!!

MARC

LEADER 00000nam a2200000 4500
001 0118888
005 20240318123310.7
041 0 |a slo 
044 |a SK 
245 1 0 |a Reálny efekt subprime hypoték  |b diplomová práca  |c Peter Staňa ; škol. Jaroslav Husár 
264 1 |a Bratislava  |c 2010 
300 |a 71 s. 
100 1 |a Staňa, Peter 
700 1 |a Husár, Jaroslav 
710 2 |a Fakulta hospodárskej informatiky EU. Katedra operačného výskumu a ekonometrie